Storia della filosofia del diritto

Zapisane w:
Opis bibliograficzny
1. autor: Fassò, Guido (Autor)
Format: Książka
Język:włoski
Wydane: Bolonia Società Editrice il Mulino 1974
Wydanie:3a. ed
Seria:Testi e di Studi. Storiografia
Hasła przedmiotowe:
Etykiety: Dodaj etykietę
Nie ma etykietki, Dołącz pierwszą etykiete!

MARC

LEADER 00000nam a2200000 a 4500
001 UCT8777
003 CL-VaPUC
005 20241127085254.0
008 970326e19740100IT |||||||||||||||||ita|d
999 |c 257260  |d 257258 
040 |c Pontificia Universidad Católica de Valparaíso 
082 0 4 |a 340.1  |b FAS  |2 21 
100 0 |a Fassò, Guido  |e author  |9 380810 
245 1 0 |a Storia della filosofia del diritto 
250 |a 3a. ed 
260 |a Bolonia  |b Società Editrice il Mulino  |c 1974 
300 |a 2 v 
490 0 |a Testi e di Studi. Storiografia 
500 |a v.1: Antichità è Medioevo 
500 |a v.2: L'età moderna 
583 |a last modification  |c 19970326 00:00:00  |k Rodrigo Vera 
600 0 |a Sócrates  |9 266368 
600 0 7 |a PLATON  |2 CL-VaPUC  |9 222 
600 0 |a Aristóteles,  |d 384 a.C.- 322 a.C.  |9 194 
600 0 |a Cicerón, Marco Tulio  |e autor  |9 255203 
600 0 |a San Agustín de Hipona  |x Teólogo y filósofo cristiano   |9 311590 
600 0 |a Tomás de Aquino  |d 1220-1274  |c Santo  |9 255832 
600 0 |a Hobbes, Thomas  |d 1588-1679  |9 860396 
600 0 |a Locke, John  |d 1632-1704  |9 860808 
600 0 7 |a VICO, GIAMBATTISTA  |2 CL-VaPUC  |9 266513 
600 0 |a Hume, David   |d 1711-1776  |9 319329 
600 0 |a Rousseau, Jean Jacques  |e autor  |9 255697 
600 0 |a Kant, Immanuel,  |d 1724-1804  |9 858687 
650 7 |a DERECHO  |2 CL-VaPUC  |9 380811 
650 0 |a Filosofía   |9 223554 
650 0 |a Filosofía del derecho   |9 255050 
650 0 |a Etica y derecho  |9 341370 
650 0 |a Sociedad  |9 307903 
650 7 |a LEY  |2 CL-VaPUC  |9 380812 
650 0 |a Conceptos morales   |9 310606 
942 |c BK  |2 ddc 
945 |d 19970326 00:00:00  |a paguirre 
952 |0 0  |1 0  |4 0  |6 340_100000000000000_FAS_1974  |7 0  |8 DER_HIS  |9 280585  |a BIBDER  |b BIBDER  |d 2019-11-19  |h v.1  |i 1817477  |o 340.1 FAS 1974  |p 1817477  |r 2023-01-25  |w 2019-11-19  |x Ubicación 4to Piso  |y BK  |z Estos recursos deben solicitarse con anticipación  |k DER 
952 |0 0  |1 0  |4 0  |6 340_100000000000000_FAS_1974  |7 0  |8 DER_HIS  |9 280586  |a BIBDER  |b BIBDER  |d 2019-11-19  |h v.2  |i 1817485  |o 340.1 FAS 1974  |p 1817485  |r 2023-01-25  |w 2019-11-19  |x Ubicación 4to Piso  |y BK  |z Estos recursos deben solicitarse con anticipación  |k DER